[Event "Croacia ch 2008"]
[Site "Rijeka CRO"]
[Date "2009.01.28"]
[Round "11.2"]
[White "Jovanovic, Zoran"]
[Black "Jankovic, Alojzije"]
[Result "0-1"]
[WhiteElo "2558"]
[BlackElo "2571"]
[PlyCount "111"]
[EventDate "2009.01.17"]
[EventType "tourn"]
[EventRounds "11"]
[EventCountry "CRO"]
[EventCategory "13"]
[Source "lmi"]
[SourceDate "2009.01.17"]

1. e4 c5 2. Nf3 d6 3. d4 cxd4 4. Qxd4 a6 5. Be3 Nc6 6. Qd2 Nf6 7. Nc3 b5 8.
O-O-O Qa5 9. Kb1 e6 10. Nd4 Bb7 11. f3 Nxd4 12. Bxd4 b4 13. Ne2 e5 14. Be3 h6
15. Nc1 d5 16. exd5 Bxd5 17. Bd3 Be7 18. Rhe1 Qc7 19. Qf2 Be6 20. Bb6 Qb8 21.
Bc5 Bxc5 22. Qxc5 Nd7 23. Qe3 Qc7 24. h4 Rc8 25. g4 a5 26. Qe2 h5 27. g5 g6 28.
Ba6 Rd8 29. Bb5 O-O 30. Bxd7 Rxd7 31. Rxd7 Qxd7 32. Nd3 Rc8 33. Nxe5 Qd5 34. b3
Bf5 35. Nc4 Qd4 36. Qe3 Qd8 37. Qe2 Qd4 38. Qe3 Qd8 39. Qa7 Qd5 40. Qxa5 Qxa5
41. Nxa5 Rxc2 42. Ka1 Rh2 43. Nc6 Rxh4 44. a4 bxa3 45. Ka2 Rf4 46. Ne5 Be6 47.
Kxa3 Rf5 48. b4 Rxg5 49. b5 h4 50. b6 Bd5 51. f4 Rg3+ 52. Kb4 h3 53. Kc5 Bg2
54. Re2 h2 55. b7 Rb3 56. Kd4 0-1